|
|
|
|
| LEADER |
00000nab a2200000 a 4500 |
| 001 |
vtls009623261 |
| 003 |
SK-MaSNL |
| 005 |
20260303060446.0 |
| 008 |
090702 2009 xo e 000 0 slo |
| 038 |
|
|
|a PPPK
|
| 040 |
|
|
|a PPPKCL
|b slo
|c PPPK
|e AACR2
|
| 041 |
0 |
|
|a slo
|
| 044 |
|
|
|a xo
|c SK
|
| 080 |
|
|
|a 004.085.4
|2 2001
|
| 080 |
|
|
|a 796.92:796.525:004.085.4
|x (036)
|2 2001
|
| 080 |
|
|
|a 061.7
|2 2001
|
| 245 |
0 |
0 |
|a Tatry majú svojho prvého skialpinistického videosprievodcu
|c [text, foto] (pet)
|
| 300 |
|
|
|b Fotogr.
|
| 610 |
2 |
7 |
|a Penzión pod Lesom (Dolný Smokovec, Slovensko)
|2 pppkcl
|9 1053314
|
| 648 |
|
7 |
|a 2009
|2 pppkcl
|9 320114
|
| 650 |
0 |
7 |
|a skialpinizmus
|2 pppkcl
|9 24168
|
| 650 |
0 |
7 |
|a trasy
|2 pppkcl
|9 883552
|
| 650 |
0 |
7 |
|a videodisky
|2 pppkcl
|9 1053315
|
| 651 |
|
7 |
|a Malá Studená dolina (Slovensko)
|2 pppkcl
|9 160423
|
| 773 |
0 |
|
|t Tatranský dvojtýždenník
|g Roč. XX, č. 7 (2009), s. 11
|
| 852 |
|
|
|a PPPK
|b KIS3GCP
|
| 999 |
|
|
|c 1731476
|d 1733406
|